Signos universitarios (Registro nro. 8898)

Detalles MARC
000 -LEADER
fixed length control field 00872nas a2200277 454500
001 - CONTROL NUMBER
control field 43396
005 - DATE AND TIME OF LATEST TRANSACTION
control field 20260407193511.0
008 - FIXED-LENGTH DATA ELEMENTS--GENERAL INFORMATION
fixed length control field 260407s1979####ag###########|||spa#d
003 - CONTROL NUMBER IDENTIFIER
control field AR-UNSa-BCEJYS
040 ## - CATALOGING SOURCE
Original cataloging agency AR-UNSa-BCEJYS
Language of cataloging spa
Transcribing agency AR-UNSa-BCEJYS
080 ## - UNIVERSAL DECIMAL CLASSIFICATION NUMBER
Universal Decimal Classification number 378.4
Common auxiliary subdivision Universidades
022 ## - INTERNATIONAL STANDARD SERIAL NUMBER
International Standard Serial Number 0326-3932
041 ## - LANGUAGE CODE
Language code of text/sound track or separate title spa
100 1# - MAIN ENTRY--PERSONAL NAME
Personal name Universidad del Salvador
245 10 - TITLE STATEMENT
Title Signos universitarios
Name of part/section of a work Revista de la Universidad del Salvador
264 #1 - PRODUCTION, PUBLICATION, DISTRIBUTION, MANUFACTURE, AND COPYRIGHT NOTICE
Place of production, publication, distribution, manufacture Buenos Aires :
Name of producer, publisher, distributor, manufacturer Universidad del Salvador
Date of production, publication, distribution, manufacture, or copyright notice 1979
310 ## - CURRENT PUBLICATION FREQUENCY
Current publication frequency Frecuencia: Cuatrimestral
590 ## - LOCAL NOTE (RLIN)
Local note niveau_biblio:s niveau_hierar:1
650 ## - SUBJECT ADDED ENTRY--TOPICAL TERM
Topical term or geographic name entry element Trabajo de investigación
650 ## - SUBJECT ADDED ENTRY--TOPICAL TERM
Topical term or geographic name entry element Población
650 ## - SUBJECT ADDED ENTRY--TOPICAL TERM
Topical term or geographic name entry element Educación
650 ## - SUBJECT ADDED ENTRY--TOPICAL TERM
Topical term or geographic name entry element Medio ambiente
700 1# - ADDED ENTRY--PERSONAL NAME
Personal name Nieto, Haydée I.
856 41 - ELECTRONIC LOCATION AND ACCESS
Uniform Resource Identifier <a href="https://biblioeco.unsa.edu.ar/pmb/images/revistas/R21207.jpg">https://biblioeco.unsa.edu.ar/pmb/images/revistas/R21207.jpg</a>
Link text Imagen de portada
Electronic format type image/jpeg
942 ## - ADDED ENTRY ELEMENTS (KOHA)
Koha item type
Existencias
Withdrawn status Lost status Damaged status Not for loan Home library Current library Shelving location Date acquired Serial enumeration / chronology Total checkouts Full call number Barcode Date last seen Price effective from Koha item type
        Biblioteca Prof. Eusebio Cleto del Rey Biblioteca Prof. Eusebio Cleto del Rey   01/01/2006 Año XXV - ene./dic. 2006   H378.4 SIG 2006 R21238 10/04/2026 10/04/2026 Numero
        Biblioteca Prof. Eusebio Cleto del Rey Biblioteca Prof. Eusebio Cleto del Rey   01/01/2004 Año XXIII, Nº 40 - ene./dic. 2004   H378.4 SIG 40 R21237 10/04/2026 10/04/2026 Numero
        Biblioteca Prof. Eusebio Cleto del Rey Biblioteca Prof. Eusebio Cleto del Rey   01/01/2003 Año XXII, Nº 39 - ene./dic. 2003   H378.4 SIG 39 R21236 10/04/2026 10/04/2026 Numero
        Biblioteca Prof. Eusebio Cleto del Rey Biblioteca Prof. Eusebio Cleto del Rey   01/01/2000 Año XX, Nº 37 - ene./jun. 2000   H378.4 SIG 37 R21235 10/04/2026 10/04/2026 Numero
        Biblioteca Prof. Eusebio Cleto del Rey Biblioteca Prof. Eusebio Cleto del Rey   01/07/1999 Año XIX, Nº 36 - jul./dic. 1999   H378.4 SIG 36 R21234 10/04/2026 10/04/2026 Numero
        Biblioteca Prof. Eusebio Cleto del Rey Biblioteca Prof. Eusebio Cleto del Rey   01/07/1992 Año XI, Nº 22 - jul./dic. 1992   H378.4 SIG 22 R21207 10/04/2026 10/04/2026 Numero